Brazylia na MŚ 2OO2 - Statystyki

Ogólne statystyki
  • Ten quiz został rozwiązany 177 razy
  • Średni wynik to 8 z 24
Statystyki odpowiedzi
Hint Odpowiedź % Poprawnych
9 Inter Mediolan Ronaldo
98%
11 Paris Saint Germain Ronaldinho
95%
6 Real Madryt Roberto Carlos
86%
10 FC Barcelona Rivaldo
82%
2 AS Roma Cafu
76%
12 Corinthians Dida
69%
23 Sao Paulo Kaka
62%
3 Bayer Leverkusen Lucio
43%
19 Flamengo Juninho Paulista
38%
8 Atletico Mineiro Gilberto Silva
32%
Trener Luiz Felipe Scolari
25%
1 Palmeiras Marcos
15%
22 Sao Paulo Rogerio Ceni
15%
5 Olympique Lyon Edmilson
13%
16 Parma Junior
12%
4 AC Milan Roque Junior
12%
17 Betis Sevilla Denilson
11%
15 Atletico Paranense Kleberson
11%
14 Gremio Anderson Polga
6%
13 Sao Paulo Juliano Beletti
6%
7 Corinthians Ricardinho
5%
21 Gremio Luizao
3%
20 Cruzeiro Edilson
2%
18 Corinthians Vampeta
2%
Nie znaleziono quizów pasujących do podanych kryteriów
Rozkład punktacji
Procent ludzi z każdym wynikiem
Percentyl według liczby udzielonych odpowiedzi
Twoja historia wyników
Nie rozwiązałeś tego quizu